Historia critica de España, y de la cultura española ... / (Record no. 159099)

MARC details
000 -LEADER
campo de control de longitud fija 01266nam a2200265 i 4500
001 - NÚMERO DE CONTROL
campo de control 159099
003 - IDENTIFICADOR DE NÚMERO DE CONTROL
campo de control ES-MaACL
005 - FECHA Y HORA DE LA ÚLTIMA TRANSACCIÓN
campo de control 20250822235426.0
008 - DATOS DE LONGITUD FIJA--INFORMACIÓN GENERAL
campo de control de longitud fija 931025s1789 sp |||| | spa d
040 ## - FUENTE DE CATALOGACIÓN
Centro catalogador/agencia de origen GA
Lengua de catalogación spa
Centro/agencia transcriptor PAB
100 1# - ENTRADA PRINCIPAL--NOMBRE DE PERSONA
Nombre de persona Masdéu, Juan Francisco,
Fechas asociadas al nombre 1744-1817
9 (RLIN) 129694
245 10 - MENCIÓN DEL TÍTULO
Título Historia critica de España, y de la cultura española ... /
Mención de responsabilidad, etc. escrita en italiano por D. Juan Francisco de Masdeu ... ; traducida al idioma español por N ... N ... ; tomo VI, España romana, continuacion de la Colección de lápidas y medallas...
260 ## - PUBLICACIÓN, DISTRIBUCIÓN, ETC.
Lugar de publicación, distribución, etc. En Madrid :
Nombre del editor, distribuidor, etc. por don Antonio de Sancha :
-- se hallará en su Librería ...,
Fecha de publicación, distribución, etc. 1789.
300 ## - DESCRIPCIÓN FÍSICA
Extensión 658, [2] p. ;
Dimensiones 21 cm.
500 ## - NOTA GENERAL
Nota general Encabezamiento completado con Aguilar, V, p. 530 y prelim. de tomo IX, libro I.
594 ## - Nota al título y mención de responsabilidad
Nota al título y mención de responsabilidad N..., N... es pseudónimo de Juan Francisco Masdeu, Rogers, p. 320.
597 ## - NOTA DE DESCRIPCIÓN FÍSICA
NOTA DE DESCRIPCIÓN FÍSICA Antep.
597 ## - NOTA DE DESCRIPCIÓN FÍSICA
NOTA DE DESCRIPCIÓN FÍSICA Sign.: [ ]4, B-Z4, 2A-2Z4, 3A-3Z4, 4A-4N4, 4O2.
650 #7 - PUNTO DE ACCESO ADICIONAL DE MATERIA--TÉRMINO DE MATERIA
Término de materia o nombre geográfico como elemento de entrada Medallas antiguas
Fuente del encabezamiento o término embne
9 (RLIN) 136477
650 04 - PUNTO DE ACCESO ADICIONAL DE MATERIA--TÉRMINO DE MATERIA
Término de materia o nombre geográfico como elemento de entrada Inscripciones latinas-
Subdivisión geográfica España.
9 (RLIN) 13821
651 #7 - PUNTO DE ACCESO ADICIONAL DE MATERIA--NOMBRE GEOGRÁFICO
Nombre geográfico España-
Subdivisión general Historia-
Subdivisión cronológica 218 a.C.-414 d.C. (Época romana)
Fuente del encabezamiento o término
9 (RLIN) 168873
852 ## - LOCALIZACIÓN
Ubicación ES-MaACL
Número de control de estantería R-270-89
Nota libre -- Enc. pasta
Encuadernación Olim: C-44-63
Holdings
Estatus retirado Estado de pérdida Estado de daño No para préstamo Colección Biblioteca de origen Biblioteca actual Ubicación en estantería Fecha de adquisición Total de préstamos Signatura topográfica completa Código de barras Visto por última vez Precio de reemplazo Tipo de ítem Koha
        Libros del s. XVIII Biblioteca del Ateneo de Madrid Biblioteca del Ateneo de Madrid Depósito 17/01/2008   R-270-89 1166553 23/02/2023 23/02/2023 Libro impreso antiguo